Essentials of communication electronics / (Record no. 188940)

000 -LEADER
fixed length control field 00735 a2200193 4500
003 - CONTROL NUMBER IDENTIFIER
control field Nust
005 - DATE AND TIME OF LATEST TRANSACTION
control field 20170207153553.0
020 ## - INTERNATIONAL STANDARD BOOK NUMBER
International Standard Book Number 0-07-058309-9
040 ## - CATALOGING SOURCE
Transcribing agency Nust
082 ## - DEWEY DECIMAL CLASSIFICATION NUMBER
Classification number 621.381
100 1# - MAIN ENTRY--PERSONAL NAME
Personal name Slurzberg, Morris
245 00 - TITLE STATEMENT
Title Essentials of communication electronics /
Statement of responsibility, etc. M. Slurzberg, W. Osterheld
250 ## - EDITION STATEMENT
Edition statement 3. ed.
260 ## - PUBLICATION, DISTRIBUTION, ETC.
Place of publication, distribution, etc. New York ...,
Date of publication, distribution, etc. 1973
300 ## - PHYSICAL DESCRIPTION
Extent 791 s
505 ## - FORMATTED CONTENTS NOTE
Formatted contents note Radio Sound and light wave Measurements (Page-1) Solid State Diodes (Page-27) Electron tube Diodes (Page-55) Transistors (Page-67) Electron Tubes (Page-50) Specialized Power Sources (Page-165) Biasing Circuits (Page-193) Types and Sources of Waveforms (Page-749)
538 ## - SYSTEM DETAILS NOTE
System details note Almirah No. 130 and Shelf No. 1
700 1# - ADDED ENTRY--PERSONAL NAME
Personal name Osterheld, William
942 ## - ADDED ENTRY ELEMENTS (KOHA)
Source of classification or shelving scheme
Koha item type Book
Holdings
Withdrawn status Lost status Source of classification or shelving scheme Damaged status Not for loan Collection code Permanent Location Current Location Date acquired Total Checkouts Full call number Barcode Date last seen Price effective from Koha item type
            Military College of Signals (MCS) Military College of Signals (MCS) 12/12/2016   621.381 SLU MCS7358 12/08/2016 12/12/2016 Book
© 2023 Central Library, National University of Sciences and Technology. All Rights Reserved.